Normal view MARC view

Entry Topical Term

Number of records used in: 1

001 - CONTROL NUMBER

  • control field: 10217

003 - CONTROL NUMBER IDENTIFIER

  • control field: OSt

005 - DATE AND TIME OF LATEST TRANSACTION

  • control field: 20160714140528.0

008 - FIXED-LENGTH DATA ELEMENTS

  • fixed length control field: 160714|| aca||aabn | a|a d

040 ## - CATALOGING SOURCE

  • Original cataloging agency: OSt
  • Transcribing agency: OSt

150 ## - HEADING--TOPICAL TERM

  • Topical term or geographic name entry element: Drug Administration.

670 ## - SOURCE DATA FOUND

  • Source citation: Work cat.: (OSt): White,Rebecca;Bradnam,Vicky; 10216, Handbook of Drug Administration via Enteral Feeding Tubes., 2007.